<?xml version="1.0" encoding="UTF-8"?>
<collection xmlns="http://www.loc.gov/MARC21/slim">
 <record>
  <leader>00760nam a2200181 a 4500</leader>
  <controlfield tag="008">090729s1974    bg af         000 0 eng d</controlfield>
  <datafield tag="040" ind1=" " ind2=" ">
   <subfield code="a">DLC</subfield>
   <subfield code="c">DLC</subfield>
   <subfield code="d">DLC</subfield>
  </datafield>
  <datafield tag="082" ind1="0" ind2="0">
   <subfield code="a">951</subfield>
   <subfield code="2">18</subfield>
  </datafield>
  <datafield tag="100" ind1="2" ind2=" ">
   <subfield code="a">Obaidullah Khan, A. Z. M.</subfield>
  </datafield>
  <datafield tag="245" ind1="1" ind2="4">
   <subfield code="a">The yellow sand hills :</subfield>
   <subfield code="b">China through Chinese eyes /</subfield>
   <subfield code="c">A. Z. M. Obaidullah Khan.</subfield>
  </datafield>
  <datafield tag="260" ind1=" " ind2=" ">
   <subfield code="a">Comilla :</subfield>
   <subfield code="b">Bangladesh Academy for Rural Development,</subfield>
   <subfield code="c">1975.</subfield>
  </datafield>
  <datafield tag="300" ind1=" " ind2=" ">
   <subfield code="a">6, 234 p., [2] leaves of plates :</subfield>
   <subfield code="b">ill. ;</subfield>
   <subfield code="c">22 cm.</subfield>
  </datafield>
  <datafield tag="541" ind1="1" ind2=" ">
   <subfield code="e">00001021</subfield>
  </datafield>
  <datafield tag="650" ind1=" " ind2="0">
   <subfield code="a">Communes (China)</subfield>
  </datafield>
  <datafield tag="651" ind1=" " ind2="0">
   <subfield code="a">China</subfield>
   <subfield code="x">Social conditions</subfield>
   <subfield code="y">1949-1976.</subfield>
  </datafield>
  <datafield tag="852" ind1="4" ind2=" ">
   <subfield code="a">Ayesha Abed Library</subfield>
   <subfield code="j">General shelf</subfield>
  </datafield>
  <datafield tag="999" ind1=" " ind2=" ">
   <subfield code="c">3776</subfield>
   <subfield code="d">3776</subfield>
  </datafield>
  <datafield tag="952" ind1=" " ind2=" ">
   <subfield code="0">0</subfield>
   <subfield code="1">0</subfield>
   <subfield code="2">ddc</subfield>
   <subfield code="4">0</subfield>
   <subfield code="6">951_OBA</subfield>
   <subfield code="7">0</subfield>
   <subfield code="9">3429</subfield>
   <subfield code="a">BRACUL</subfield>
   <subfield code="b">BRACUL</subfield>
   <subfield code="c">GEN</subfield>
   <subfield code="d">2009-09-03</subfield>
   <subfield code="g">30.00</subfield>
   <subfield code="l">2</subfield>
   <subfield code="m">4</subfield>
   <subfield code="o">951 OBA</subfield>
   <subfield code="p">3010001021</subfield>
   <subfield code="r">2025-09-09</subfield>
   <subfield code="s">2025-08-11</subfield>
   <subfield code="t">1</subfield>
   <subfield code="w">2009-09-03</subfield>
   <subfield code="y">BK</subfield>
  </datafield>
 </record>
</collection>
